000
00292nam a22001337a 4500
008
170928b xxu||||| |||| 00| 0 eng d
020
_a
9781561342464
041
_a
eng
080
_a
37
100
_a
47
101
_a
edu
245
_a
MULTICULTURAL EDUCATION
_c
SCHUTZ.F
942
_2
udc
_c
BK
999
_c
30446
_d
30446